000 00522nmm a2200181Ia 4500
008 251105s9999||||xx |||||||||||||||||und||
020 _a9788417553722
041 _aspa
100 _aBoyle, T. C.
245 0 _aLos Terranautas
264 _a[Madrid, España] :
_bImpedimenta,
_c[Fecha de publicación no identificada]
300 _a568 páginas
650 _aNorth American narrative
700 _aBoyle, T. C.
700 1 _a Santiago, Ce
856 _uhttps://public.digitaliapublishing.com/a/99799
942 _cCF
999 _c63064
_d63064